| 000 | 00585nam a2200181 4500 | ||
|---|---|---|---|
| 999 |
_c163563 _d163563 |
||
| 005 | 20190424110753.0 | ||
| 010 | _aENG-125066 | ||
| 020 |
_a9789387871335 _c170.00 |
||
| 035 | _aEN-108598 | ||
| 037 | _bDBAD/PUB | ||
| 082 | _a677.028 | ||
| 100 | _aManonmani, G. | ||
| 245 |
_aGeneral introduction to natural fibres/ _cby G. Mamonmani |
||
| 260 |
_aMadurai _bShanlax Publications _c2018 |
||
| 270 |
_a61,66 T.P.K. Main Road _bVasantha Nagar _e625003 _k0425-4208765 _mpublishers@shanlaxpublication.com |
||
| 300 |
_a93p. _c22cm.(Pbk) |
||
| 942 |
_2ddc _cEN _h677.028 _mMAN |
||